Riconosci il Pokémon - Quiz n°946 - Statistics

Statistiche generali
  • Questo quiz è stato fatto 1 volte
  • Il punteggio medio è 10 su 10
Statistiche sulle risposte
Indizio Risposta % Corretto
Altezza 0,8 m
100%
Peso 17,5 kg
100%
Tasso di cattura 45 (11.9%)
100%
Sesso 50% ♂, 50% ♀
100%
Tipo Drago; Acciaio / Drago (Hisui)
100%
Abilità Idratazione; Mangierba (Normale; Hisui); Viscosità (Normale; Hisui); Guscioscudo (Hisui)
100%
Tasso di allevamento Lento
100%
Stadio evoluzione Prima evoluzione
100%
Generazione Sesta
100%
Pokémon Sliggoo
100%
Nessun quiz corrispondente trovato
Distribuzione punteggi
Percentuale di utenti per punteggio
Percentile per numero di risposta
I tuoi punteggi nel tempo
Non hai fatto questo quiz